ห้องสมุด วิทยาลัยพยาบาลบรมราชชนนี อุดรธานี Boromarajonani College of Nursing, Udonthani
mysqli: Table './ulib2015/stat_globaluid' is marked as crashed and last (automatic?) repair failed select id from stat_globaluid where statuid='20260418050303_1305' mysqli: Table './ulib2015/stat_globaluid' is marked as crashed and last (automatic?) repair failed DELETE FROM stat_globaluid
WHERE id NOT IN (
SELECT id
FROM (
SELECT id
FROM stat_globaluid
ORDER BY id DESC
LIMIT 100
) foo
); mysqli: Table './ulib2015/stat_globaluid' is marked as crashed and last (automatic?) repair failed insert into stat_globaluid set
statuid='20260418050303_1305',
dt='1776463383',
phpself='/ULIB/dublinfull.php',
agent='Mozilla/5.0 AppleWebKit/537.36 (KHTML, like Gecko; compatible; ClaudeBot/1.0; +claudebot@anthropic.com)',
yea='2026',
mon='4',
dat='18',
ip='216.73.217.71'
LEADER 00674nam 2200229 a 4500
001 12126
003 ULIBM
008 030811s2543 th m a001 0 tha d
020 ^a974-7276-01-1
050 4 ^aDS578.3^bน369พ 2543
245 ^a ^a1111
250 ^aพิมพ์ครั้งที่ 1.
300 ^a 179 หน้า.
650 7 ^aกษัตริย์ผู้ครองนคร--ไทย
700 0 ^aมงกุฏเกล้าเจ้าอยู่หัว, พระบาทสมเด็จพระ, 2423-2468
710 1 ^aราชวงศ์จักรี
945 ^p0^l0^i20656
999 ^aลิขิตลักษณ์
คุณยังไม่ได้ล็อกอิน คุณสามารถมีกิจกรรมร่วมกับเว็บไซต์ได้ แต่ต้องล็อกอินก่อน ::
ลำดับที่
ประเภท
เลขเรียก /บาร์โค้ด
สถานที่
สถานะ
1.
หนังสือภาษาไทย DS578.3 น369พ 2543 Barcode: 20656 หนังสือทั่วไป On Shelf [แสดง 1/1 รายการ]
mysqli: Can't create/write to file '/var/tmp/#sql_59d_0.MAI' (Errcode: 2) select * from index_db where titl like '%พระราชธรรม พระราชประวัติ พระราชกรณียกิจ : พระบาทสมเด็จพระมงกุฏเกล้าเจ้าอยู่หัว/ ธรรมสภา%' and mid<>'12126' order by rand() limit 3 mysqli: Can't create/write to file '/var/tmp/#sql_59d_0.MAI' (Errcode: 2) select * from index_db where subj like '%กษัตริย์ผู้ครองนคร--ไทย%' and mid<>'12126' order by rand() limit 3
ยังไม่เคยถูกคอมเมนท์
คอมเมนท์ทรัพยากรรายการนี้
JavaScript must be enabled in order for you to use Google Maps.
However, it seems JavaScript is either disabled or not supported by your browser.
To view Google Maps, enable JavaScript by changing your browser options, and then
try again.